MARC

LEADER 00000nam0a2200000 4500
001 120686
005 20231031125120.0
010 |a 0194590380 
035 |a (RuTPU)RU\TPU\book\130686 
035 |a RU\TPU\book\59833 
090 |a 120686 
100 |a 20070903d2002 m y0engy50 ba 
101 0 |a eng 
102 |a US 
105 |a a j 000zy 
200 1 |a Window on Britan  |e Activity Book  |f R. MacAndrew 
205 |a 6-th ed. 
210 |a New York  |c Oxford University Press  |d 2002 
215 |a 48 p.  |c il. 
225 1 |a Oxford English video 
610 1 |a английский язык 
610 1 |a учебные пособия 
610 1 |a лексика 
610 1 |a разговорная речь 
610 1 |a страноведение 
610 1 |a Великобритания 
686 |a Ш143.21-923.4  |v LBC/SL-A  |2 rubbk 
700 1 |a MacAndrew  |b R.  |g Richard 
801 1 |a RU  |b 63413507  |c 20031016  |g PSBO 
801 2 |a RU  |b 63413507  |c 20101001  |g PSBO 
942 |c BK